000 01400nam a2200325Ia 4500
001 ebr10167474
003 CaPaEBR
006 m u
007 cr cn|||||||||
008 060704s2006 nyu sb 001 0 eng d
020 _z1403970734 (hbk.) :
020 _z9781403970732 (hbk.) :
040 _aCaPaEBR
_cCaPaEBR
035 _a(OCoLC)234083869
050 1 4 _aPS3552.A45
_bZ724 2006eb
082 0 4 _a810.989607309045
_222
245 0 0 _aJames Baldwin and Toni Morrison
_h[electronic resource] :
_bcomparative critical and theoretical essays /
_cedited by Lovalerie King and Lynn Orilla Scott.
260 _aNew York, N.Y. ;
_aBasingstoke :
_bPalgrave Macmillan,
_c2006.
300 _aviii, 300 p.
504 _aIncludes bibliographical references and index.
533 _aElectronic reproduction.
_bPalo Alto, Calif. :
_cebrary,
_d2013.
_nAvailable via World Wide Web.
_nAccess may be limited to ebrary affiliated libraries.
600 1 0 _aBaldwin, James,
_d1924-1987
_xCriticism and interpretation.
600 1 0 _aMorrison, Toni
_xCriticism and interpretation.
650 0 _aAfrican Americans in literature.
655 7 _aElectronic books.
_2local
700 1 _aKing, Lovalerie.
700 1 _aScott, Lynn Orilla,
_d1950-
710 2 _aebrary, Inc.
856 4 0 _uhttp://site.ebrary.com/lib/rucke/Doc?id=10167474
_zAn electronic book accessible through the World Wide Web; click to view
999 _c246993
_d246993